| 000 | 00475cam a2200193 4500 | ||
|---|---|---|---|
| 001 | D15213 | ||
| 008 | 090401t1971 xxu||||| |||| 00| 0 eng d | ||
| 035 | _a(Sirsi) u21133 | ||
| 041 | _aeng | ||
| 050 | _a333.006271 | ||
| 110 |
_aRoyal Institution of Chartered Surveyors _bEast Canadian Committee _9862 |
||
| 245 | _aComing to Canada | ||
| 260 |
_bRICS _c1971 |
||
| 300 | _a12p | ||
| 350 | _a0 | ||
| 520 | _aFiled in Box 1971/60 AC | ||
| 942 | _n0 | ||
| 948 | _c04/03/1997 | ||
| 999 |
_c87925 _d87925 |
||